La casa de Bernarda Alba
Spremljeno u:
| Glavni autor: | |
|---|---|
| Format: | Knjiga |
| Jezik: | španjolski |
| Izdano: |
Santiago
Revista Vea
1987
|
| Serija: | Biblioteca de oro del estudiante, 12
|
| Teme: | |
| Oznake: |
Dodaj oznaku
Bez oznaka, Budi prvi tko označuje ovaj zapis!
|
MARC
| LEADER | 00000nam a2200000 a 4500 | ||
|---|---|---|---|
| 001 | UCH5574 | ||
| 003 | CL-VaPUC | ||
| 008 | 091014e19870000CL |||||||||||||||||spa|d | ||
| 082 | 0 | 4 | |a 862 |b GAR |2 21 |
| 100 | |a García Lorca, Federico |e autor |9 315690 | ||
| 245 | 1 | 3 | |a La casa de Bernarda Alba |
| 300 | |a 143 p | ||
| 942 | |c BK | ||
| 945 | |d 20091014 00:00:00 |a ccalabra | ||
| 260 | |a Santiago |b Revista Vea |c 1987 | ||
| 500 | |a Resúmenes, análisis y biografías: Angel Rodríquez González | ||
| 650 | 0 | |a Literatura |9 259151 | |
| 650 | 0 | |a Literatura española |9 306261 | |
| 650 | 0 | |a Novelas españolas |9 265052 | |
| 650 | 0 | |a Escritores españoles |9 318145 | |
| 650 | 0 | |a Ficción |9 376687 | |
| 650 | 0 | |a Lectura |9 307634 | |
| 650 | 0 | |a Educación |9 258661 | |
| 651 | 0 | |a España |9 254926 | |
| 583 | |a last modification |c 20091014 00:00:00 |k Rodrigo Vera | ||
| 490 | 0 | |a Biblioteca de oro del estudiante, 12 | |
| 999 | |c 336696 |d 336694 | ||